Transmission of visceral leishmaniasis in dogs in a risk area of the metropolitan region of Belo Horizonte, Minas Gerais, Brazil (Registro n. 329855)
[ somente texto ]
| 000 -LÍDER | |
|---|---|
| fixed length control field | 04125nab a2200373 i 4500 |
| 003 - CÓDIGO MARC DA AGÊNCIA CATALOGADORA | |
| Campo de controle | BR-BrBNA |
| 005 - DATA E HORA DA ÚLTIMA ATUALIZAÇÃO | |
| Campo de controle | 20250207095504.0 |
| 008 - CAMPO DE TAMANHO FIXO | |
| fixed length control field | 250207b2016 bl.|r|pooa||| 00| 0 eng | |
| 040 ## - FONTE DA CATALOGAÇÃO | |
| Agência catalogadora | BR-BrBNA |
| Idioma da catalogação | eng |
| 072 ## - CATEGORIA AGRIS | |
| Código AGRIS | L73 |
| Código do objeto | 5400 |
| 072 ## - CATEGORIA AGRIS | |
| Código AGRIS | L70 |
| 100 ## - ENTRADA PRINCIPAL - NOME PESSOAL | |
| Nome pessoal | Lopes, E.G.P. |
| 100 ## - ENTRADA PRINCIPAL - NOME PESSOAL | |
| Nome pessoal | Oviedo-Pastrana, M.E. |
| 100 ## - ENTRADA PRINCIPAL - NOME PESSOAL | |
| Nome pessoal | Borges, L.F.N.M. |
| 100 ## - ENTRADA PRINCIPAL - NOME PESSOAL | |
| Nome pessoal | Freitas, A.C.P. |
| 100 ## - ENTRADA PRINCIPAL - NOME PESSOAL | |
| Nome pessoal | Dias, E.S. |
| 100 ## - ENTRADA PRINCIPAL - NOME PESSOAL | |
| Nome pessoal | Silva, S.R. |
| 100 ## - ENTRADA PRINCIPAL - NOME PESSOAL | |
| Nome pessoal | Haddad, J.P.A. |
| 100 ## - ENTRADA PRINCIPAL - NOME PESSOAL | |
| Nome pessoal | França-Silva, J.C. |
| 100 ## - ENTRADA PRINCIPAL - NOME PESSOAL | |
| Nome pessoal | Soares, D.F.M. |
| 245 ## - TÍTULO PRINCIPAL | |
| Título principal | Transmission of visceral leishmaniasis in dogs in a risk area of the metropolitan region of Belo Horizonte, Minas Gerais, Brazil |
| 500 ## - NOTA GERAL | |
| Nota geral | <br/>Publicação online; 28 ref.; 4 tables; Summaries (En, Pt) |
| 942 ## - ADDED ENTRY ELEMENTS (KOHA) | |
| Koha item type | Analítica |
| 520 ## - NOTA DE RESUMO | |
| Nota de conteúdo | <br/><br/><br/>ABSTRACT - Visceral leishmaniasis (VL) has spread rapidly across cities in the metropolitan region of Belo Horizonte. The aim of this study was to investigate VL dynamics in a prospective cohort study of dogs in Juatuba, between 2010 and 2011, to confirm the incidence of Leishmania infantum, and to assess possible risk factors associated with infection. An observational and prospective closed cohort study was performed using serology testing in dogs, randomly selected from the whole municipality. All seronegative dogs, or dogs with inconclusive results were monitored using indirect immunofluorescence (IIF) at 6-month intervals. The dog’s owners completed a semi-structured questionnaire to assess possible causal factors of seroconversion, and the responses were assessed using logistic regression. The canine incidence coefficient was 206/1,000 dogs per year (CI: 178–238), and a cluster was identified in an area with a high concentration of seropositive dogs, but a low overall canine population. Large dogs were identified as a risk factor and the following variables were identified as protection factors: dogs aged over 4 years, daily peridomicile cleaning, and better socioeconomic conditions. VL is spreading over a large area in Juatuba in a short period of time.<br/><br/><br/>Key words: leishmaniasis, incidence, seroconversion, risk factors, cluster |
| 520 ## - NOTA DE RESUMO | |
| Nota de conteúdo | <br/><br/><br/>RESUMO - A leishmaniose visceral (LV) expandiu-se de forma rápida e extensa pelos municípios da Região Metropolitana de Belo Horizonte. Objetivou-se estudar a dinâmica da LV em uma coorte prospectiva de cães em Juatuba, entre 2010 e 2011, para verificar a incidência e fatores de risco associados à infecção por Leishmania infantum. Foi feito um estudo observacional e prospectivo de coorte fechada por meio de análise sorológica em cães selecionados aleatoriamente em todo o município, com acompanhamento semestral dos resultados soronegativos e indeterminados na imunofluorescência indireta (IFI). Usou-se questionário semiestruturado junto aos proprietários de cães para avaliação da soroconversão e dos fatores determinantes a essa, por meio da regressão logística. O coeficiente de incidência canina foi de 206/1000 cães.ano (IC: 178 – 238), e foi identificado cluster em área com elevada concentração de cães soropositivos, mas com baixa densidade populacional canina. A variável cão de porte grande foi identificada como fator de risco, e as variáveis idade do cão superior a quatro anos, limpeza diária do peridomicílio e melhores condições socioeconômicas como fatores de proteção. A infecção por LV está ocorrendo em curto período de tempo e com ampla distribuição em Juatuba.<br/><br/><br/>Palavras-chave: leishmaniose, incidência, soroconversão, fatores de risco, cluster |
| 650 ## - ASSUNTO - THESAGRO | |
| Cabeçalho tópico ou nome geográfico | CÃO |
| 650 ## - ASSUNTO - THESAGRO | |
| Cabeçalho tópico ou nome geográfico | DOENÇA ANIMAL |
| 650 ## - ASSUNTO - THESAGRO | |
| Cabeçalho tópico ou nome geográfico | LEISHMANIOSE |
| 650 ## - ASSUNTO - THESAGRO | |
| Cabeçalho tópico ou nome geográfico | DEFESA ANIMAL |
| 650 ## - ASSUNTO - THESAGRO | |
| Cabeçalho tópico ou nome geográfico | BELO HORIZONTE |
| 773 0# - ENTRADA ANALÍTICA | |
| Host Biblionumber | 1643 |
| Registro do item | 348216 |
| Imprenta | Belo Horizonte-MG Universidade Federal de Minas Gerais - Escola de Veterinaria 1983 |
| Outro identificador | 2025-0705 |
| Título | Arquivo Brasileiro de Medicina Veterinária e Zootecnia (Brazil) |
| ISSN | 0102-0935 |
| Colação | v. 68(6) p. 1403-1412; (2016) |
| Número de controle de registro | BR2024004565 |
| 856 ## - ACESSO E ENDEREÇO ELETRÔNICO | |
| Identificador uniforme de recurso - URI | https://www.scielo.br/j/abmvz/a/5k7bgt8hqNXfKQJn9YZKBym/?format=pdf&lang=en |
Nenhum exemplar disponível.

BINAGRI